000 00529cam a22001337a 4500
008 180718b1960 xxu||||| |||| 00| 0 eng d
082 _aB835x42 Un3r/59m/58
100 _aUnited Kingdom. Royal Commission on Local Government
245 _aRoyal Commission on local government in Greater London: minutes of evidence 58, fifty eighth day thursday, 12th November , 1959
260 _aLondon
_bHer Majestys Stationery Office
_c1960
300 _aP2436-2470
500 _aChairman: Edward Herbert
700 _aHerbert, Edward, Chairman
999 _c392818
_d392818